000 01073nam a2200277 i 4500
001 113420
003 ES-MaACL
005 20230906185902.0
007 t|
008 061121s1968 sp r ||||1| spa d
080 _a27:314.335
110 2 _aIglesia Católica.
_bPapa (1963-1978: Pablo VI)
_9143866
245 1 3 _aLa regulación de la natalidad
_b: texto bilingüe de la Encíclica "Humanae vitae" y fuentes del Magisterio /
_ccomentario de Marcelino Zalba.
260 _aMadrid :
_b[La Editorial Católica],
_c1968.
300 _a252, [12] p. ;
_c18 cm.
490 1 _aBiblioteca de autores cristianos. Ediciones de bolsillo ;
_v5
650 0 4 _aControl de natalidad-
_xAspectos religiosos.
_911339
655 7 _2tgfbne
_9226879
_aEncíclicas
700 1 _aZalba, Marcelino.
_9117869
700 1 _aPablo
_bVI,
_cPapa, Santo.
_9168351
830 0 _aBiblioteca de autores cristianos. Ediciones de bolsillo ;
_v5
_9182549
852 _aES-MaACL
_jC-56679
_9R.89416
852 _aES-MaACL
_jE-13472
_dOlim: P-1255
942 _2udc
999 _c113420
_d113420